<?xml version="1.0" encoding="UTF-8"?><?xml-stylesheet type="text/xsl" href="static/style.xsl"?><OAI-PMH xmlns="http://www.openarchives.org/OAI/2.0/" xmlns:xsi="http://www.w3.org/2001/XMLSchema-instance" xsi:schemaLocation="http://www.openarchives.org/OAI/2.0/ http://www.openarchives.org/OAI/2.0/OAI-PMH.xsd"><responseDate>2026-04-29T16:05:22Z</responseDate><request verb="GetRecord" identifier="oai:repisalud.isciii.es:20.500.12105/25562" metadataPrefix="marc">https://repisalud.isciii.es/rest/oai/request</request><GetRecord><record><header><identifier>oai:repisalud.isciii.es:20.500.12105/25562</identifier><datestamp>2025-12-18T12:58:14Z</datestamp><setSpec>com_20.500.12105_2052</setSpec><setSpec>com_20.500.12105_2051</setSpec><setSpec>com_20.500.12105_15322</setSpec><setSpec>col_20.500.12105_19614</setSpec><setSpec>col_20.500.12105_16989</setSpec></header><metadata><record xmlns="http://www.loc.gov/MARC21/slim" xmlns:dcterms="http://purl.org/dc/terms/" xmlns:doc="http://www.lyncode.com/xoai" xmlns:xsi="http://www.w3.org/2001/XMLSchema-instance" xsi:schemaLocation="http://www.loc.gov/MARC21/slim http://www.loc.gov/standards/marcxml/schema/MARC21slim.xsd">
   <leader>00925njm 22002777a 4500</leader>
   <datafield ind2=" " ind1=" " tag="042">
      <subfield code="a">dc</subfield>
   </datafield>
   <datafield ind2=" " ind1=" " tag="720">
      <subfield code="a">Melián-Fleitas, Liliana</subfield>
      <subfield code="e">author</subfield>
   </datafield>
   <datafield ind2=" " ind1=" " tag="720">
      <subfield code="a">Franco Pérez, Álvaro Moisés</subfield>
      <subfield code="e">author</subfield>
   </datafield>
   <datafield ind2=" " ind1=" " tag="720">
      <subfield code="a">Sanz-Valero, Javier</subfield>
      <subfield code="e">author</subfield>
   </datafield>
   <datafield ind2=" " ind1=" " tag="720">
      <subfield code="a">Wanden-Berghe, Carmina</subfield>
      <subfield code="e">author</subfield>
   </datafield>
   <datafield ind2=" " ind1=" " tag="260">
      <subfield code="c">2024-09</subfield>
   </datafield>
   <datafield ind2=" " ind1=" " tag="520">
      <subfield code="a">[ES] Introducción: Analizar la asociación entre la búsqueda de información sobre obesidad, dieta y seguridad y salud laboral a través de Google, y la producción científica sobre estas materias para conocer si el interés poblacional se relaciona con la actividad investigadora. Método: Los datos se obtuvieron de la consulta directa, online, a Google Trends (GT) con los términos obesidad, dieta y seguridad y salud laboral y en MEDLINE (vía PubMed), utilizando los Medical Subject Headings “Obesity”, “Diet, Food, and Nutrition” y “Occupational Health”. Las variables estudiadas fueron: volumen de búsqueda relativo (VBR), VBR mensual medio (VBRm), referencias (REF), volumen de referencias relativo (VRR) y Variabilidad. Resultados: Las tendencias obtenidas (VBRm) en GT fueron en los tres casos decrecientes: obesidad (R2 =0,33; p=0,009), dieta (R2=0,68; p&lt;0,001); salud laboral (R2=0,41; p=0,002). Para los VRR obtenidos de MEDLINE fueron cre cientes para obesidad y dieta (R2=0,85; p&lt;0,001 y R2=0,85; p&lt;0,001); para salud laboral la tendencia fue no significa tiva (R2=0,03; p=0,509). La variabilidad obtenida para el VRR frente al VBRm (valor igual a 100) dio: obesidad -18,71, dieta -1,18 y salud laboral 63,65. Conclusiones: Se constató un interés creciente de la comunidad científica, medido por su producción, sobre obe sidad, dieta y salud laboral, mientras que el interés poblacional, sobre estos temas, fue decreciendo a lo largo del periodo estudiado, por lo que la relación producción científica versus búsquedas fue inversa. Por otro lado, se pudo observar un notorio desinterés, de la población e investigadores, en la importancia del lugar de trabajo como vector para la prevención y tratamiento de la obesidad. [EN] Introduction: Analyze the association between the search for information on obesity, diet, and occupational health and safety through Google, and scientific production on these topics to determine whether the population’s interest is related to the research activity. Method: Data were obtained from direct, online consultation of Google Trends (GT) with the terms obesity, diet and occupational health and safety and from MEDLINE (via PubMed), using the Medical Subject Headings “Obesity”, “Diet, Food, and Nutrition” and “Occupational Health”. The variables studied were: relative search volume (RSV), average monthly RSV (RSVa), references (REF), relative reference volume (RRV) and Variability. Results: The trends obtained (RSVa) in GT were decreasing in the three cases: obesity (R2=0.33; p=0.009), diet (R2=0.68; p&lt;0.001); occupational health (R2=0.41; p=0,002). For the RRVs obtained from MEDLINE, were increasing for obesity and diet (R2=0.85; p&lt;0.001 and R2=0.85; p&lt;0.001); for occupational health the trend was non-significant (R2=0.03; p=0.509). The variability obtained for the RRV versus the RSVa (value equal to 100) gave: obesity -18.71, diet -1.18 and occupational health 63.65. Conclusions: There was a growing interest of the scientific community, measured by its production, in obesity, diet and occupational health, while the population’s interest in these topics was decreasing throughout the period stu died, so the relationship between scientific production and searches was inverse. On the other hand, it was possible to observe a notorious lack of interest, from the population and researchers, in the importance of the workplace as a vector for the prevention and treatment of obesity.</subfield>
   </datafield>
   <datafield ind1="8" ind2=" " tag="024">
      <subfield code="a">Melián Fleitas L, Franco Pérez Álvaro M, Sanz Valero J, Wanden-Berghe C. La búsqueda de información y su asociación con la producción científica: Obesidad, dieta y salud laboral. Ars Pharm [Internet]. 20 de septiembre de 2024 [citado 20 de noviembre de 2024];65(4):307-19.</subfield>
   </datafield>
   <datafield ind1="8" ind2=" " tag="024">
      <subfield code="a">2340-9894</subfield>
   </datafield>
   <datafield ind1="8" ind2=" " tag="024">
      <subfield code="a">Ars Pharmaceutica</subfield>
   </datafield>
   <datafield ind1="8" ind2=" " tag="024">
      <subfield code="a">https://hdl.handle.net/20.500.12105/25562</subfield>
   </datafield>
   <datafield tag="653" ind2=" " ind1=" ">
      <subfield code="a">Acceso a la Información</subfield>
   </datafield>
   <datafield tag="653" ind2=" " ind1=" ">
      <subfield code="a">Gestión de la Información</subfield>
   </datafield>
   <datafield tag="653" ind2=" " ind1=" ">
      <subfield code="a">Obesidad</subfield>
   </datafield>
   <datafield tag="653" ind2=" " ind1=" ">
      <subfield code="a">Dieta</subfield>
   </datafield>
   <datafield tag="653" ind2=" " ind1=" ">
      <subfield code="a">Salud Laboral</subfield>
   </datafield>
   <datafield tag="653" ind2=" " ind1=" ">
      <subfield code="a">Access to Information</subfield>
   </datafield>
   <datafield tag="653" ind2=" " ind1=" ">
      <subfield code="a">Information Management</subfield>
   </datafield>
   <datafield tag="653" ind2=" " ind1=" ">
      <subfield code="a">Obesity</subfield>
   </datafield>
   <datafield tag="653" ind2=" " ind1=" ">
      <subfield code="a">Diet</subfield>
   </datafield>
   <datafield tag="653" ind2=" " ind1=" ">
      <subfield code="a">Occupational Health</subfield>
   </datafield>
   <datafield ind2="0" ind1="0" tag="245">
      <subfield code="a">La búsqueda de información y su asociación con la producción científica: Obesidad, dieta y salud laboral</subfield>
   </datafield>
</record></metadata></record></GetRecord></OAI-PMH>